| 000 | 00382cam a2200157ua 4500 | ||
|---|---|---|---|
| 041 |
_aeng _h |
||
| 082 |
_a824 _bSUN/RE |
||
| 100 | _aSundara Raja, R . | ||
| 245 |
_aReader`s delight / _cR Sundara Raja. _hTextual Documents |
||
| 250 |
_a1 / _b. |
||
| 260 |
_aMadras : _bNational publishing co. , _c1968. |
||
| 300 | _a192 ; . | ||
| 504 | _a | ||
| 942 | _cBK | ||
| 999 |
_c8695 _d8695 |
||